O aktuálnych pravdách Traja mladí umelci na témy dneška

Bibliographic Details
Main Author: Karšay, A. (Author)
Format: Article
Language:Slovak
Subjects:

MARC

LEADER 00000nab a2200000 a 4500
001 vtls000319785
003 SK-MaSNL
005 20260303185012.0
008 111201c1978 xo 0 slo
015 |a SNBRB19rr/mm-uuuuu 
035 |a CL0009877 
040 |a SNKBUCL  |b slo  |c SNKBUCL  |e AACR2 
041 0 |a slo 
044 |a xo  |c SK 
080 |a 75  |2 1981 
080 |a 730  |2 1981 
100 1 |a Karšay, A.  |4 aut  |9 271721 
245 1 0 |a O aktuálnych pravdách  |b Traja mladí umelci na témy dneška  |c A. Karšay 
600 1 7 |a Hložník, Peter,  |d 1945-  |2 snkbucl  |9 16705 
600 1 7 |a Zelina, Ľubo,  |d 1943-2016  |2 snkbucl  |9 168141 
600 1 7 |a Hložníková, Zuzana,  |d 1952-  |2 snkbucl  |9 113978 
655 7 |a články z novín a časopisov  |2 snkbucl  |9 267496 
773 0 |t Ľud  |g Roč. 30, č. 8 (3. 5. 1978), s. 5 
850 |a Slovenská národná knižnica v Martine  |a MTA001 
852 |a SNK  |b KIS3GCP 
958 |a RK 
992 |a RBX 
999 |c 2129338  |d 2131268